MAASAI MARA UNIVERSITY

LIBRARY CATALOGUE

Contact Us: +254 020 2685356/7 or 0774 057787

Box: 861-20500, NAROK, KENYA

Email: info@mmarau.ac.ke

The world and the West : (Record no. 26286)

MARC details
000 -LEADER
fixed length control field 01423nam a22003257a 4500
003 - CONTROL NUMBER IDENTIFIER
control field OSt
005 - DATE AND TIME OF LATEST TRANSACTION
control field 20220609035244.0
008 - FIXED-LENGTH DATA ELEMENTS--GENERAL INFORMATION
fixed length control field 170328b xxu||||| |||| 00| 0 eng d
020 ## - INTERNATIONAL STANDARD BOOK NUMBER
International Standard Book Number 0521771358
040 ## - CATALOGING SOURCE
Original cataloging agency MMU
Transcribing agency MMU
Modifying agency MMU
Language of cataloging eng
050 00 - LIBRARY OF CONGRESS CALL NUMBER
Classification number CB417 .C87 2000
100 1# - MAIN ENTRY--PERSONAL NAME
Personal name Curtin, Philip D.
245 14 - TITLE STATEMENT
Title The world and the West :
Remainder of title the European challenge and the overseas response in the Age of Empire /
Statement of responsibility, etc. Philip D. Curtin.
260 ## - PUBLICATION, DISTRIBUTION, ETC. (IMPRINT)
Place of publication, distribution, etc. Cambridge, UK ;
-- New York :
Name of publisher, distributor, etc. Cambridge University Press,
Date of publication, distribution, etc. 2000.
300 ## - PHYSICAL DESCRIPTION
Extent xiv, 294 p. :
Other physical details ill., maps :
Dimensions 24 cm.
500 ## - GENERAL NOTE
General note Includes bibliographical references and index.
650 #0 - SUBJECT ADDED ENTRY--TOPICAL TERM
Topical term or geographic name as entry element Civilization, Modern
General subdivision European influences.
650 #0 - SUBJECT ADDED ENTRY--TOPICAL TERM
Topical term or geographic name as entry element Civilization, Modern
General subdivision European influences
Form subdivision Case studies.
650 #0 - SUBJECT ADDED ENTRY--TOPICAL TERM
Topical term or geographic name as entry element Social change
General subdivision History.
650 #0 - SUBJECT ADDED ENTRY--TOPICAL TERM
Topical term or geographic name as entry element Social change
General subdivision History
Form subdivision Case studies.
650 #0 - SUBJECT ADDED ENTRY--TOPICAL TERM
Topical term or geographic name as entry element Culture conflict
General subdivision History.
650 #0 - SUBJECT ADDED ENTRY--TOPICAL TERM
Topical term or geographic name as entry element Culture conflict
General subdivision History
Form subdivision Case studies.
651 #0 - SUBJECT ADDED ENTRY--GEOGRAPHIC NAME
Geographic name Europe
General subdivision Territorial expansion.
651 #0 - SUBJECT ADDED ENTRY--GEOGRAPHIC NAME
Geographic name Europe
General subdivision Territorial expansion
Form subdivision Case studies.
856 42 - ELECTRONIC LOCATION AND ACCESS
Materials specified Book review (H-Net)
Uniform Resource Identifier <a href="http://www.h-net.org/review/hrev-a0c2w0-aa">http://www.h-net.org/review/hrev-a0c2w0-aa</a>
856 41 - ELECTRONIC LOCATION AND ACCESS
Materials specified Sample text
Uniform Resource Identifier <a href="http://www.loc.gov/catdir/samples/cam032/99040254.html">http://www.loc.gov/catdir/samples/cam032/99040254.html</a>
856 42 - ELECTRONIC LOCATION AND ACCESS
Materials specified Publisher description
Uniform Resource Identifier <a href="http://www.loc.gov/catdir/description/cam0210/99040254.html">http://www.loc.gov/catdir/description/cam0210/99040254.html</a>
856 41 - ELECTRONIC LOCATION AND ACCESS
Materials specified Table of contents
Uniform Resource Identifier <a href="http://www.loc.gov/catdir/toc/cam026/99040254.html">http://www.loc.gov/catdir/toc/cam026/99040254.html</a>
942 ## - ADDED ENTRY ELEMENTS (KOHA)
Source of classification or shelving scheme Library of Congress Classification
Koha item type L
Holdings
Withdrawn status Lost status Source of classification or shelving scheme Damaged status Not for loan Home library Current library Date acquired Source of acquisition Total Checkouts Full call number Barcode Date last seen Price effective from Koha item type
    Library of Congress Classification     Maasai Mara University Library -Main Campus Maasai Mara University Library -Main Campus 03/28/2017 Donation-T4C   CB417 .C87 2000 17029637 03/28/2017 03/28/2017 L
© 2016 Maasai Mara University.